000 00583nam a2200193 i 4500
005 20160124105536.0
008 140228b1997 ve ||||| |||| 00| 0 spa d
040 _aCO-BoIAVH
_cCO-BoIAVH
041 _aspa
044 _ave
082 0 4 _a597.92
_bC26b
245 0 0 _aBiología y manejo de la tortuga :
_bPodocnemis expansa.
260 _aCaracas :
_bFAO,
_c1997.
300 _a48 páginas
650 1 4 _aTortugas
650 2 4 _aTortugas
_xConservación de especímenes
710 2 _aSecretaría Pro Tempore Tratado de Cooperación Amazónica
942 _cLIBRO
_2ddc
999 _c1571
_d1571